Available copies
- 3 of 3 copies available at LARL/NWRL Consortium.
- 2 of 2 copies available at Lake Agassiz Regional Library. (Show preferred library)
Current holds
0 current holds with 3 total copies.
Show Only Available Copies
| Location | Call Number / Copy Notes | Barcode | Shelving Location | Status | Due Date |
|---|---|---|---|---|---|
| Detroit Lakes Public Library | Y MUR (Text) | 33500013407218 | Main | Available | - |
| Moorhead Public Library | Y MUR (Text) | 33500013407200 | Main | Available | - |
| Thief River Falls Public Library | ya MUR (Text) | 35500006507345 | Main | Available | - |
Record details
- ISBN: 9780062880451
- ISBN: 0062880454
- Physical Description: 326 pages ; 22 cm
- Edition: First edition.
- Publisher: New York, NY : Balzer + Bray, an imprint of HarperCollinsPublishers, [2021]
- Copyright: ©2021
Content descriptions
| General Note: | Sequel to: Puddin'. |
| Summary, etc.: | Creating a drag-show audition tape that culminates ... Read More Waylon Russell Brewer is a fat, openly gay boy ... Read More |
Search for related items by subject
| Genre: | Gay fiction. School fiction. Novels. Fiction. |
Search for related items by series
| LDR | 03551cam a2200733Ii 4500 | ||
|---|---|---|---|
| 001 | 362845 | ||
| 003 | LARL_NWRL_CONSORTIUM | ||
| 005 | 20210602184612.0 | ||
| 008 | 210514s2021 nyu d 000 f eng d | ||
| 010 | . | ‡a 2020952898 | |
| 040 | . | ‡aNjBwBT ‡beng ‡erda ‡cFMG ‡dFMG ‡dOCLCO ‡dOCLCQ ‡dIA4 ‡dKYC ‡dORX ‡dMJ8 ‡dOCLCF ‡dYDX ‡dBDX ‡dOCLCO ‡dILC ‡dOCLCO ‡dVP@ | |
| 019 | . | ‡a1191215617 ‡a1242063484 ‡a1244275555 | |
| 020 | . | ‡a9780062880451 ‡q(hc.) | |
| 020 | . | ‡a0062880454 ‡q(hc.) | |
| 035 | . | ‡a(OCoLC)1250486856 ‡z(OCoLC)1191215617 ‡z(OCoLC)1242063484 ‡z(OCoLC)1244275555 | |
| 037 | . | ‡bHarpercollins Childrens Books, Attn Elaine Nealon 53 Glenmaura National Blvd Ste 300, Moosaic, PA, USA, 18507-2132 ‡nSAN 200-2086 | |
| 043 | . | ‡an-us-tx | |
| 082 | 0 | 4. | ‡a[Fic] ‡223 |
| 100 | 1 | . | ‡aMurphy, Julie, ‡d1985- ‡eauthor. ‡0(LARL_NWRL_CONSORTIUM)222027 |
| 245 | 1 | 0. | ‡aPumpkin / ‡cJulie Murphy. |
| 246 | 3 | 4. | ‡aPumpkin : ‡bThis year, prom's a drag. |
| 250 | . | ‡aFirst edition. | |
| 264 | 1. | ‡aNew York, NY : ‡bBalzer + Bray, an imprint of HarperCollinsPublishers, ‡c[2021] | |
| 264 | 4. | ‡c©2021 | |
| 300 | . | ‡a326 pages ; ‡c22 cm | |
| 336 | . | ‡atext ‡btxt ‡2rdacontent | |
| 337 | . | ‡aunmediated ‡bn ‡2rdamedia | |
| 338 | . | ‡avolume ‡bnc ‡2rdacarrier | |
| 490 | 0 | . | ‡aDumplin' ; ‡v3 |
| 500 | . | ‡aSequel to: Puddin'. | |
| 520 | . | ‡aCreating a drag-show audition tape that culminates in an unkind nomination for prom queen, an overweight and openly gay teen partners with a girl who has been nominated for prom king to embrace their true selves. | |
| 520 | . | ‡aWaylon Russell Brewer is a fat, openly gay boy stuck in the small West Texas town of Clover City. After graduation he plans to move to Austin with his twin sister, Clementine, and finally live his truth. Throwing caution to the wind he creates an audition tape for his favorite TV drag show, Fiercest of Them All. What he doesn't count on is the tape accidentally getting shared with the entire school-- and being nominated for prom queen as a joke. Clem's girlfriend, Hannah Perez, also receives a joke nomination for prom king. Waylon and Hannah get serious about campaigning for prom court, and that means he's spending time with the very cute and infuriating prom king nominee Tucker Watson. -- adapted from jacket | |
| 650 | 0. | ‡aOverweight persons ‡vJuvenile fiction. | |
| 650 | 0. | ‡aGays ‡vJuvenile fiction. | |
| 650 | 0. | ‡aDrag queens ‡vJuvenile fiction. | |
| 650 | 0. | ‡aContests ‡vJuvenile fiction. ‡0(LARL_NWRL_CONSORTIUM)171628 | |
| 650 | 0. | ‡aFriendship ‡vJuvenile fiction. ‡0(LARL_NWRL_CONSORTIUM)164914 | |
| 650 | 0. | ‡aSelf-esteem ‡vJuvenile fiction. | |
| 650 | 0. | ‡aHigh schools ‡vJuvenile fiction. ‡0(LARL_NWRL_CONSORTIUM)165600 | |
| 651 | 0. | ‡aTexas ‡vJuvenile fiction. | |
| 650 | 1. | ‡aOverweight persons ‡vFiction. ‡0(LARL_NWRL_CONSORTIUM)173874 | |
| 650 | 0. | ‡aOverweight teenagers ‡vFiction. | |
| 650 | 1. | ‡aGays ‡vFiction. ‡0(LARL_NWRL_CONSORTIUM)172292 | |
| 650 | 0. | ‡aGay teenagers ‡vFiction. ‡0(LARL_NWRL_CONSORTIUM)169079 | |
| 650 | 1. | ‡aDrag queens ‡vFiction. | |
| 650 | 1. | ‡aContests ‡vFiction. | |
| 650 | 1. | ‡aFriendship ‡vFiction. ‡0(LARL_NWRL_CONSORTIUM)164944 | |
| 650 | 1. | ‡aSelf-esteem ‡vFiction. ‡0(LARL_NWRL_CONSORTIUM)167349 | |
| 650 | 1. | ‡aHigh schools ‡vFiction. ‡0(LARL_NWRL_CONSORTIUM)169592 | |
| 650 | 0. | ‡aHigh school students ‡vFiction. ‡0(LARL_NWRL_CONSORTIUM)165594 | |
| 650 | 0. | ‡aYoung adult fiction. ‡0(LARL_NWRL_CONSORTIUM)35107 | |
| 651 | 1. | ‡aTexas ‡vFiction. ‡0(LARL_NWRL_CONSORTIUM)167647 | |
| 650 | 7. | ‡aGay teenagers. ‡2fast ‡0(LARL_NWRL_CONSORTIUM)36232 | |
| 650 | 7. | ‡aHigh school students. ‡2fast ‡0(LARL_NWRL_CONSORTIUM)22133 | |
| 650 | 7. | ‡aTwins. ‡2fast ‡0(LARL_NWRL_CONSORTIUM)33159 | |
| 655 | 7. | ‡aGay fiction. ‡2lcgft | |
| 655 | 7. | ‡aSchool fiction. ‡2lcgft | |
| 655 | 7. | ‡aNovels. ‡2lcgft | |
| 655 | 7. | ‡aFiction. ‡2fast | |
| 901 | . | ‡a362845 ‡bOCoLC ‡c362845 ‡tbiblio ‡soclc | |

Add to basket
Permalink
Disable Highlighting